Jugoslávie - Srbsko - Kosovo kosovská otázka ve 20. století

Bibliographic Details
Main Author: Štěpánek, Václav, 1959- (Author)
Format: Book
Language:Czech
PhysicalDescription:471 s. 24 cm
Published: Brno Masarykova univerzita 2011
ISBN:9788021054769
ISSN:1211-3034
Edition:Vyd. 1.
Series:Spisy Masarykovy univerzity v Brně. Filozofická fakulta č. 396
Subjects:

MARC

LEADER 00000cam a2200000 a 4500
001 vtls010314985
003 SK-MaSNL
005 20260301032059.0
008 251124s xr g 001 0 cze
020 |a 9788021054769  |q (viaz.) 
040 |a SNK  |b slo  |c SNK  |e AACR2 
041 0 |a cze  |b eng 
043 |a e-kv---  |a e-yu--- 
044 |a xr  |c CZ 
072 7 |a 94(495/498)  |x Dejiny štátov a území na Balkánskom polostrove  |2 konspekt 
080 |a 323.17  |2 2001 
080 |a 316.482  |2 2001 
080 |a 323.1:314.113  |2 2001 
080 |a 328/329  |2 2001 
080 |a 323.1  |2 2001 
080 |a (497.1)  |2 2001 
080 |a 94(497.115)  |2 2001 
080 |a (048.8)  |2 2001 
100 1 |a Štěpánek, Václav,  |d 1959-  |4 aut  |9 328736 
245 1 0 |a Jugoslávie - Srbsko - Kosovo  |b kosovská otázka ve 20. století  |c Václav Štěpánek 
246 3 0 |a Kosovská otázka ve 20. století 
250 |a Vyd. 1. 
260 |a Brno  |b Masarykova univerzita  |c 2011 
300 |a 471 s.  |c 24 cm 
366 |e 500 výt. 
490 1 |a Spisy Masarykovy univerzity v Brně. Filozofická fakulta  |x 1211-3034  |v č. 396 
504 |a Obsahuje bibliogr., bibliografické odkazy a reg. 
546 |a Angl. res. 
648 7 |a 20. stor.  |2 SNKPH  |9 275975 
648 7 |a 1918-1992  |2 SNKPH  |9 310862 
650 0 7 |a autonómia  |2 SNKPH  |9 28289 
650 0 7 |a etnické konflikty  |2 SNKPH  |9 4474 
650 0 7 |a národnostná politika  |2 SNKPH  |9 4656 
650 0 7 |a Autonomy  |z Kosovo  |y 20th century  |2 SNKPHeng  |9 328737 
650 0 7 |a Ethnic conflicts  |z Kosovo  |y 20th century  |2 SNKPHeng  |9 328738 
650 0 7 |a Nationality policy  |z Yugoslavia  |2 SNKPHeng  |9 328739 
651 7 |a Juhoslávia  |2 SNKPH  |9 22118 
651 7 |a Kosovo  |2 SNKPH  |9 112264 
651 7 |a Yugoslavia  |x politics and government  |2 SNKPHeng  |9 328740 
651 7 |a Kosovo (Republic)  |2 SNKPHeng  |9 150579 
651 7 |a Kosovo (Republic)  |x History  |2 SNKPHeng  |9 176296 
655 7 |a monografie  |2 SNKPH  |9 70139 
655 7 |a Monographs  |2 SNKPHeng  |9 120675 
810 2 |a Masarykova univerzita.  |b Filozofická fakulta.  |t Spisy  |9 195374 
919 |a 978-80-210-5476-9 
999 |c 577793  |d 579723 
952 |t snkSTE 323.1(495/498)  |a SNKUST  |b SNKUST  |y PREZ  |7 0  |p 17A0877693  |o snkIC 140013  |i snk2012/3733  |8 4  |g 17.18  |0 0  |1 0  |4 0  |d 2011-11-28  |l 0  |r 2025-04-30 00:00:00  |w 2026-02-23